| 000 | 00397nam a22001697a 4500 | ||
|---|---|---|---|
| 003 | OSt | ||
| 005 | 20211229115216.0 | ||
| 008 | 211229b |||||||| |||| 00| 0 eng d | ||
| 020 | _a8120317971 | ||
| 040 | _cHU | ||
| 082 | _a005.133 | ||
| 100 |
_aIngalls Kevin _926039 |
||
| 245 | _aLearn Microsoft Visual J++6.0 Now | ||
| 260 |
_aNew Delhi _bNew Delhi |
||
| 300 | _f404 | ||
| 942 |
_2ddc _cBOOKS _n0 |
||
| 999 |
_c24958 _d24958 |
||